Statistics for Top 10 Most earthquake prone US states

Click here to take the quiz!

General Stats

  • This quiz has been taken 133 times
    (123 since last reset)
  • The average score is 9 of 10

Answer Stats

No of QuakesAnswer% Correct
4895California
98%
12053Alaska
96%
424Washington
94%
1533Hawaii
89%
404Idaho
89%
778Nevada
85%
186Montana
83%
139Utah
83%
217Wyoming
79%
812Oklahoma
59%

Score Distribution

Percentile by Number Answered

Percent of People with Each Score

Your Score History

You have not taken this quiz since the last reset